| 000 | 00751nam a2200205 a 4500 | ||
|---|---|---|---|
| 005 | 20210223121919.0 | ||
| 008 | 991125s1951 ea 000 0 spa u | ||
| 035 | _aUPN01000026013 | ||
| 049 | _aCG | ||
| 050 | 4 |
_aG3402 _bC3.3 |
|
| 110 | 1 |
_aCanadá. _bMinisterio de Relaciones Exteriores. _bDirección de Informaciones |
|
| 245 | 1 | 0 |
_aGeografía del Canadá / _cMinisterio de Relaciones Exteriores, Dirección de Informaciones. |
| 260 |
_aCanadá : _bMinisterio de Relaciones Exteriores, Dirección de Informaciones, _c1951. |
||
| 300 |
_a10 h. : _bmapas |
||
| 440 | 0 | _aSíntesis informativa | |
| 500 | _aDisponible en la Colección Medina | ||
| 651 | 4 |
_aCANADA - _xDESCRIPCION Y VIAJES _95517 |
|
| 651 | 4 |
_aCANADA - _xHISTORIA _95524 |
|
| 905 | _aLibro | ||
| 999 |
_c26013 _d26013 |
||